000 00328nam a2200121Ia 4500
005 20251222154418.0
008 251222s9999||||xx |||||||||||||| ||spa||
020 _a978-968-18-5302-0
082 _a670.575/C91
100 _a"Cross, Nigel"
245 0 _aMétodos de diseño: Estrategias para el diseño de productos
942 _cLIB
999 _c35909
_d35909